[Event "CZE-tht Extraliga 2018-19"]
[Site "Czech Republic"]
[Date "2019.01.12"]
[Round "5"]
[White "Szotkowski, Jakub"]
[Black "Bures, Jaroslav"]
[Result "1/2-1/2"]
[WhiteElo "2357"]
[BlackElo "2388"]
[Annotator "NA"]
[PlyCount "73"]
[EventDate "2018.11.03"]
[EventType "team-tourn"]
[EventCountry "CZE"]
[SourceTitle "playchess.com"]
[Source "ChessBase"]
[SourceQuality "1"]
[WhiteTeam "Beskydska"]
[BlackTeam "Poruba"]
[TimeControl "40/5400+30:1800+30"]

1. d4 {[%emt 0:00:00]} d5 {[%emt 0:00:00]} 2. c4 {[%emt 0:00:00]} c6 {[%emt 0:00:00]} 3. Nf3 {[%emt 0:00:17]} Nf6 {[%emt 0:00:00]} 4. e3 {[%emt 0:00:12]} Bg4 {[%emt 0:00:02]} 5. Qb3 {[%emt 0:00:46]} Qb6 {[%emt 0:01:27]} 6. Nc3 {[%emt 0:03:36]} Nbd7 {[%emt 0:11:29]} 7. Bd2 {[%emt 0:06:02]} e6 {[%emt 0:13:13]} 8. Nh4 {[%emt 0:11:09]} g5 {[%emt 0:08:59]} 9. h3 {[%emt 0:05:44]} Bh5 {[%emt 0:00:12]} 10. Nf3 {[%emt 0:05:35]} h6 {[%emt 0:06:03]} 11. Na4 {[%emt 0:16:03]} Qxb3 {[%emt 0:04:34]} 12. axb3 {[%emt 0:01:53]} a6 $11 {[%emt 0:01:19]} 13. Rc1 {[%emt 0:11:40]} Bd6 {[%emt 0:07:11]} 14. cxd5 {[%emt 0:05:37]} exd5 {[%emt 0:01:14]} 15. Nc5 {[%emt 0:01:58]} Bxc5 {[%emt 0:08:47]} 16. dxc5 {[%emt 0:00:07]} Ne4 {[%emt 0:00:02]} 17. b4 {[%emt 0:11:03]} Ke7 {[%emt 0:14:28]} 18. Nd4 {[%emt 0:04:13]} a5 {[%emt 0:02:35]} 19. b5 {[%emt 0:00:39]} Ndxc5 {[%emt 0:05:10]} 20. bxc6 {[%emt 0:01:32]} bxc6 {[%emt 0:02:05]} 21. Bxa5 {[%emt 0:00:46]} Rxa5 {[%emt 0:06:26]} 22. Nxc6+ {[%emt 0:00:08]} Kd6 {[%emt 0:00:01]} 23. Nxa5 Rb8 24. g4 {[%emt 0:06:18]} Rxb2 {[%emt 0:00:02]} 25. Rd1 {[%emt 0:03:23]} Ke6 {[%emt 0:03:22]} 26. Bg2 {[%emt 0:02:28]} Nxf2 {[%emt 0:01:22]} 27. Bxd5+ {[%emt 0:00:06]} Ke7 {[%emt 0:00:01]} 28. Nc6+ {[%emt 0:01:26]} Kd6 {[%emt 0:03:03]} 29. O-O {[%emt 0:00:11]} Nxd1 {[%emt 0:00:03]} 30. Rxd1 {[%emt 0:00:06]} Bg6 {[%emt 0:00:03]} 31. Bxf7+ {[%emt 0:00:24]} Bd3 {[%emt 0:00:30]} 32. Bg6 {[%emt 0:01:22]} Rb1 {[%emt 0:01:25]} 33. Rxb1 {[%emt 0:00:26]} Bxb1 {[%emt 0:00:07]} 34. Bxb1 {[%emt 0:00:10]} Kxc6 {[%emt 0:00:02]} 35. Kf2 {[%emt 0:00:31]} Kd5 {[%emt 0:00:10]} 36. Kf3 {[%emt 0:00:47]} Ke5 {[%emt 0:01:09]} 37. Bc2 {[%emt 0:00:10]} 1/2-1/2

[Event "CZE-tht Extraliga 2018-19"]
[Site "Czech Republic"]
[Date "2019.01.12"]
[Round "5"]
[White "Vesselovsky, Serguei"]
[Black "Sharashenidze, Akaki"]
[Result "1/2-1/2"]
[WhiteElo "2337"]
[BlackElo "2375"]
[Annotator "TA"]
[PlyCount "55"]
[EventDate "2018.11.03"]
[EventType "team-tourn"]
[EventCountry "CZE"]
[SourceTitle "playchess.com"]
[Source "ChessBase"]
[SourceQuality "1"]
[WhiteTeam "Beskydska"]
[BlackTeam "Poruba"]

{[%evp 22,55,20,12,17,18,22,25,25,21,37,22,37,35,44,61,64,0,81,50,127,78,87,77,79,0,0,-8,-6,-11,-10,-33,47,26,53,-47]} 1. e4 d6 2. d4 Nf6 3. Nc3 e5 4. Nf3 Nbd7 5. Bc4 Be7 6. O-O O-O 7. a4 c6 8. Re1 a5 9. h3 Re8 {C41: Philidor Defence} 10. b3 h6 11. Bb2 Qc7 12. Qd2 {LiveBook: 19 Games} exd4 $146 ({Predecessor:} 12... Nf8 13. Rad1 Ng6 14. Bd3 Nh7 15. Ne2 Ng5 {1-0 (80) Navara,D (2705)-Jobava,B (2695) Warsaw 2013}) 13. Nxd4 Ne5 14. Bf1 Bd7 15. Rad1 Rad8 16. f4 Ng6 17. Qf2 $36 {[%mdl 2048] White has some pressure.} Nh5 {[#] White must now prevent ...Bh4.} 18. g3 Qb6 19. Nde2 ({White should try} 19. Re2 $14) 19... Qc7 (19... Qxf2+ $11 20. Kxf2 d5) 20. Bg2 f5 (20... Nf6 $14) 21. exf5 Bxf5 22. Nd4 Bc8 23. Qf3 (23. f5 $16 Ne5 24. Nce2) 23... Nf6 $11 24. Ne6 Bxe6 $1 25. Rxe6 {next Ne4 is good for White.} d5 26. Kh2 Bd6 (26... h5 $15) 27. Rxe8+ (27. Nxd5 $5 cxd5 28. Bxf6 (28. Rxe8+ Nxe8 29. Qxd5+ Qf7 $14) 28... Rxe6 29. Bxd8 Qxd8 30. Qxd5 Nxf4 31. gxf4 $16) 27... Rxe8 28. Qd3 {Accuracy: White = 33%, Black = 46%.} (28. Ne2 $14) 1/2-1/2

[Event "CZE-tht Extraliga 2018-19"]
[Site "Czech Republic"]
[Date "2019.01.12"]
[Round "5"]
[White "Paszewski, Mateusz"]
[Black "Svoboda, Svatopluk"]
[Result "1/2-1/2"]
[WhiteElo "2333"]
[BlackElo "2438"]
[Annotator "NA"]
[PlyCount "68"]
[EventDate "2018.11.03"]
[EventType "team-tourn"]
[EventCountry "CZE"]
[SourceTitle "playchess.com"]
[Source "ChessBase"]
[SourceQuality "1"]
[WhiteTeam "Duras"]
[BlackTeam "Siesta"]
[TimeControl "40/5400+30:1800+30"]

1. e4 {[%emt 0:00:00]} g6 {[%emt 0:08:39]} 2. d4 {[%emt 0:00:00]} Bg7 {[%emt 0:00:14]} 3. Nf3 {[%emt 0:00:49]} d6 {[%emt 0:00:13]} 4. Bc4 {[%emt 0:00:20]} e6 {[%emt 0:00:23]} 5. O-O {[%emt 0:02:01]} Ne7 {[%emt 0:00:52]} 6. Nbd2 {[%emt 0:03:12]} d5 {[%emt 0:01:48]} 7. Bd3 {[%emt 0:00:57]} O-O {[%emt 0:02:21]} 8. c3 {[%emt 0:01:05]} b6 {[%emt 0:02:29]} 9. exd5 {[%emt 0:07:47]} exd5 {[%emt 0:04:09]} 10. Re1 {[%emt 0:01:33]} Bf5 {[%emt 0:00:19]} 11. Bxf5 {[%emt 0:01:15]} Nxf5 {[%emt 0:00:22]} 12. Ne5 {[%emt 0:00:30]} Nd7 {[%emt 0:06:56]} 13. Ndf3 {[%emt 0:04:50]} Re8 {[%emt 0:19:31]} 14. Bf4 {[%emt 0:05:44]} Nf8 {[%emt 0:02:56]} 15. Qb3 {[%emt 0:11:22]} Ne6 {[%emt 0:05:20]} 16. Bg3 {[%emt 0:10:01]} f6 {[%emt 0:05:27]} 17. Nd3 {[%emt 0:05:47]} Qd7 {[%emt 0:02:20]} 18. Rad1 {[%emt 0:05:45]} c6 {[%emt 0:11:30]} 19. Nh4 {[%emt 0:10:04]} Ng5 {[%emt 0:06:39]} 20. Nxf5 {[%emt 0:04:45]} Qxf5 {[%emt 0:00:09]} 21. Nb4 {[%emt 0:01:30]} Qd7 {[%emt 0:02:19]} 22. Qa4 {[%emt 0:02:50]} Rec8 {[%emt 0:00:50]} 23. Re2 {[%emt 0:04:23]} Bf8 {[%emt 0:00:29]} 24. Nd3 {[%emt 0:00:58]} Ne4 {[%emt 0:01:19]} 25. Rde1 {[%emt 0:03:36]} Qf5 {[%emt 0:02:00]} 26. Qd1 {[%emt 0:02:55]} h5 {[%emt 0:01:05]} 27. Bf4 {[%emt 0:01:28]} Kf7 {[%emt 0:02:13]} 28. f3 {[%emt 0:01:17]} Nd6 {[%emt 0:00:40]} 29. h3 {[%emt 0:01:02]} g5 {[%emt 0:02:04]} 30. g4 {[%emt 0:01:12]} Qh7 {[%emt 0:00:57]} 31. Bg3 {[%emt 0:00:14]} hxg4 {[%emt 0:02:13]} 32. hxg4 {[%emt 0:00:01]} Qh3 {[%emt 0:00:21]} 33. Kf2 {[%emt 0:00:29]} Qh7 {[%emt 0:00:45]} 34. Rh1 {[%emt 0:01:04]} Qg6 {[%emt 0:00:18]} 1/2-1/2

[Event "CZE-tht Extraliga 2018-19"]
[Site "Czech Republic"]
[Date "2019.01.12"]
[Round "5"]
[White "Chytilek, Roman"]
[Black "Smid, Miroslav"]
[Result "1/2-1/2"]
[WhiteElo "2331"]
[BlackElo "2266"]
[Annotator "NA"]
[PlyCount "43"]
[EventDate "2018.11.03"]
[EventType "team-tourn"]
[EventCountry "CZE"]
[SourceTitle "playchess.com"]
[Source "ChessBase"]
[SourceQuality "1"]
[WhiteTeam "Duras"]
[BlackTeam "Siesta"]
[TimeControl "40/5400+30:1800+30"]

1. Nf3 {[%emt 0:00:00]} d5 {[%emt 0:00:00]} 2. c4 {[%emt 0:00:40]} e6 {[%emt 0:00:24]} 3. g3 {[%emt 0:01:23]} Nf6 {[%emt 0:00:31]} 4. Bg2 {[%emt 0:00:19]} Be7 {[%emt 0:02:18]} 5. O-O {[%emt 0:01:44]} O-O {[%emt 0:00:21]} 6. b3 {[%emt 0:02:02]} c5 {[%emt 0:04:03]} 7. cxd5 {[%emt 0:00:32]} Nxd5 {[%emt 0:05:32]} 8. Bb2 {[%emt 0:03:08]} Nc6 {[%emt 0:02:38]} 9. Nc3 {[%emt 0:15:40]} Nc7 {[%emt 0:10:17]} 10. Rc1 {[%emt 0:04:14]} b6 {[%emt 0:05:15]} 11. Na4 {[%emt 0:20:01]} Bb7 {[%emt 0:13:17]} 12. d4 {[%emt 0:11:45]} Nxd4 {[%emt 0:13:28]} 13. Nxd4 {[%emt 0:00:12]} Bxg2 {[%emt 0:00:07]} 14. Kxg2 {[%emt 0:00:05]} cxd4 {[%emt 0:00:34]} 15. Qxd4 {[%emt 0:00:37]} Qxd4 {[%emt 0:00:36]} 16. Bxd4 {[%emt 0:00:05]} Nb5 {[%emt 0:00:18]} 17. Bb2 {[%emt 0:04:23]} Rfd8 {[%emt 0:03:38]} 18. Rfd1 {[%emt 0:04:28]} f6 {[%emt 0:03:29]} 19. f4 {[%emt 0:09:01]} Kf7 {[%emt 0:03:12]} 20. Kf3 {[%emt 0:01:28]} Rxd1 {[%emt 0:05:37]} 21. Rxd1 {[%emt 0:00:14]} Rc8 {[%emt 0:00:51]} 22. Ke3 {[%emt 0:08:06]} 1/2-1/2

[Event "CZE-tht Extraliga 2018-19"]
[Site "Czech Republic"]
[Date "2019.01.12"]
[Round "5"]
[White "Jurcik, Martin"]
[Black "Alekseenko, Kirill"]
[Result "0-1"]
[WhiteElo "2331"]
[BlackElo "2637"]
[Annotator "TA"]
[PlyCount "40"]
[EventDate "2018.11.03"]
[EventType "team-tourn"]
[EventCountry "CZE"]
[SourceTitle "playchess.com"]
[Source "ChessBase"]
[SourceQuality "1"]
[WhiteTeam "Siesta B"]
[BlackTeam "Pardubice"]

{[%evp 21,40,-18,0,-12,0,-23,0,-40,-41,-41,-43,-66,-70,-389,-382,-385,-379,-369,-302,-1081,-1043]} 1. e4 c5 2. Nf3 Nc6 3. d4 cxd4 4. Nxd4 Nf6 5. Nc3 d6 6. Be2 e5 7. Nb3 Be7 8. O-O O-O 9. Bg5 Be6 10. Bxf6 Bxf6 11. Nd5 Bg5 {LiveBook: 15 Games} 12. Bc4 {B59: Classical Sicilian: 6 Be2 e5 7 Nb3} (12. c3 Rc8 13. Bg4 Qd7 14. h3 g6 15. Bf3 Ne7 16. Nxe7+ Bxe7 17. Bg4 Bd8 18. Bxe6 fxe6 19. Nd2 Bb6 20. Nf3 Qc6 {½-½ (46) Liang,J (2465)-Gao,R (2566) China 2018}) 12... Rc8 13. c3 Nb4 14. Nxb4 $146 {[#] Hoping for Bxe6.The position is equal.} (14. a3 $5 {[%cal Ra3b4]}) ({Predecessor:} 14. Qe2 Nxd5 15. Bxd5 Bxd5 16. exd5 f5 17. a4 Rf6 18. a5 Qd7 19. a6 b6 {0-1 (32) Lengyel,B (2425)-Feher,G (2415) Budapest 1995}) 14... Bxc4 15. Re1 $1 a5 {[%cal Ba7a5,Ba5a4][%mdl 32]} 16. Nc2 Qb6 $36 {[%mdl 2048] Black is pushing.} 17. Qb1 $2 {[%mdl 8192]} (17. Ne3 $15) 17... a4 $19 18. Nc1 f5 {[#] White must now prevent ...fxe4.} 19. Ne3 fxe4 20. b3 $2 (20. Qxe4 Qxb2 21. Nd3 Bxd3 22. Qxd3) 20... Bxe3 0-1

[Event "CZE-tht Extraliga 2018-19"]
[Site "Czech Republic"]
[Date "2019.01.12"]
[Round "5"]
[White "Sodoma, Jan"]
[Black "Priehoda, Vitezslav"]
[Result "1/2-1/2"]
[WhiteElo "2324"]
[BlackElo "2358"]
[Annotator "NA"]
[PlyCount "97"]
[EventDate "2018.11.03"]
[EventType "team-tourn"]
[EventCountry "CZE"]
[SourceTitle "playchess.com"]
[Source "ChessBase"]
[SourceQuality "1"]
[WhiteTeam "Turnov"]
[BlackTeam "Lysa nad Labem"]
[TimeControl "40/5400+30:1800+30"]

1. Nf3 {[%emt 0:00:00]} d5 {[%emt 0:00:00]} 2. d4 {[%emt 0:00:05]} e6 {[%emt 0:00:00]} 3. c4 {[%emt 0:01:56]} c6 {[%emt 0:00:24]} 4. e3 {[%emt 0:00:57]} f5 {[%emt 0:00:11]} 5. Be2 {[%emt 0:01:06]} Nf6 {[%emt 0:00:27]} 6. O-O {[%emt 0:00:07]} Bd6 {[%emt 0:00:21]} 7. b3 {[%emt 0:00:06]} Qe7 {[%emt 0:00:19]} 8. Bb2 {[%emt 0:01:44]} O-O {[%emt 0:00:37]} 9. Ne5 {[%emt 0:01:48]} Bd7 {[%emt 0:01:15]} 10. Nd2 {[%emt 0:11:33]} Be8 {[%emt 0:05:15]} 11. Nd3 {[%emt 0:04:00]} Nbd7 {[%emt 0:04:15]} 12. Nf3 {[%emt 0:02:40]} Bh5 {[%emt 0:07:16]} 13. Nfe5 {[%emt 0:01:45]} Bxe2 {[%emt 0:00:08]} 14. Qxe2 {[%emt 0:00:04]} Rad8 {[%emt 0:23:58]} 15. a4 {[%emt 0:04:05]} Ne4 {[%emt 0:17:25]} 16. f3 {[%emt 0:11:11]} Ng5 {[%emt 0:03:06]} 17. b4 {[%emt 0:00:33]} Bxe5 {[%emt 0:04:07]} 18. Nxe5 {[%emt 0:17:01]} Nxe5 {[%emt 0:01:14]} 19. dxe5 {[%emt 0:00:05]} dxc4 {[%emt 0:07:30]} 20. Qxc4 {[%emt 0:02:24]} Rd2 {[%emt 0:00:42]} 21. Rf2 {[%emt 0:01:44]} Rxf2 {[%emt 0:07:24]} 22. Kxf2 {[%emt 0:00:07]} Rd8 {[%emt 0:00:07]} 23. Bd4 {[%emt 0:00:54]} Nf7 {[%emt 0:00:27]} 24. f4 {[%emt 0:08:08]} Rd5 {[%emt 0:03:15]} 25. g3 {[%emt 0:04:13]} a6 {[%emt 0:00:46]} 26. Rd1 {[%emt 0:08:19]} Qd7 {[%emt 0:02:25]} 27. Rd3 {[%emt 0:01:31]} h6 {[%emt 0:03:06]} 28. Ke2 {[%emt 0:00:41]} Nh8 {[%emt 0:01:20]} 29. Bc5 {[%emt 0:01:37]} Ng6 {[%emt 0:01:13]} 30. e4 {[%emt 0:01:03]} b5 {[%emt 0:01:58]} 31. axb5 {[%emt 0:05:07]} axb5 {[%emt 0:00:40]} 32. Qc2 {[%emt 0:00:57]} fxe4 {[%emt 0:00:05]} 33. Ra3 {[%emt 0:02:23]} Qd8 {[%emt 0:04:24]} 34. Bd6 {[%emt 0:02:21]} Ne7 {[%emt 0:00:27]} 35. Bxe7 {[%emt 0:00:51]} Qxe7 {[%emt 0:00:01]} 36. Qxe4 {[%emt 0:00:09]} Qe8 {[%emt 0:00:52]} 37. g4 {[%emt 0:01:34]} Qd8 {[%emt 0:00:18]} 38. Rd3 {[%emt 0:01:31]} Qh4 {[%emt 0:00:18]} 39. h3 {[%emt 0:00:20]} Qe7 {[%emt 0:01:10]} 40. Ra3 {[%emt 0:02:22]} Qd8 {[%emt 0:00:24]} 41. Qg6 {[%emt 0:03:05]} Kh8 {[%emt 0:01:16]} 42. Kf3 {[%emt 0:05:57]} Qh4 {[%emt 0:10:51]} 43. Ra8+ {[%emt 0:03:00]} Rd8 {[%emt 0:00:02]} 44. Rxd8+ {[%emt 0:01:22]} Qxd8 {[%emt 0:00:04]} 45. Kg3 {[%emt 0:00:57]} Qd2 {[%emt 0:08:11]} 46. Qe4 {[%emt 0:02:47]} Qc3+ {[%emt 0:00:28]} 47. Kg2 {[%emt 0:00:57]} Qd2+ {[%emt 0:00:15]} 48. Kg3 {[%emt 0:00:12]} Qc3+ {[%emt 0:00:02]} 49. Kg2 {[%emt 0:00:29]} 1/2-1/2

[Event "CZE-tht Extraliga 2018-19"]
[Site "Czech Republic"]
[Date "2019.01.12"]
[Round "5"]
[White "Sluka, Radek"]
[Black "Babula, Vlastimil"]
[Result "0-1"]
[WhiteElo "2312"]
[BlackElo "2541"]
[Annotator "TA"]
[PlyCount "60"]
[EventDate "2018.11.03"]
[EventType "team-tourn"]
[EventCountry "CZE"]
[SourceTitle "playchess.com"]
[Source "ChessBase"]
[SourceQuality "1"]
[WhiteTeam "Brno"]
[BlackTeam "Novoborsky"]

{[%evp 13,60,-64,-43,-100,-85,-92,-97,-108,-103,-88,-60,-108,-81,-90,-100,-116,-107,-92,-93,-82,-71,-105,-102,-151,-87,-93,-63,-64,-60,-52,-53,-79,-81,-137,-129,-166,-173,-270,-262,-367,-389,-372,-395,-531,-509,-1012,-1014,-970,-966]} 1. e4 c5 2. Nc3 Nc6 3. f4 g6 4. Nf3 Bg7 5. Bc4 e6 6. f5 gxf5 7. d3 Nge7 {LiveBook: 6 Games} 8. Bg5 {B23: Closed Sicilian: Lines without g3} ({White should play} 8. O-O $15) (8. O-O d5 9. exd5 exd5 10. Bb3 Be6 11. Qe1 a6 12. Ng5 Nd4 13. Bf4 c4 14. dxc4 dxc4 15. Nxe6 Nxe6 16. Bxc4 {0-1 (33) Degraeve,R (2019)-Jones,G (2665) chess.com INT 2017}) 8... a6 9. a4 h6 10. Bh4 {[%cal Bg5h4,Bh4e1,Be1d2][%mdl 32] Black is better.} Qc7 11. O-O f4 $146 ({Predecessor:} 11... d6 12. Kh1 Bd7 13. Qd2 fxe4 14. dxe4 O-O-O 15. Nb5 axb5 16. axb5 {1-0 (36) Nun,J (2320)-Bazant,P (2339) Czechia 2004}) 12. Kh1 Ng6 13. Be1 b6 14. Nh4 Nce5 15. Ne2 Bb7 16. Nxg6 Nxg6 17. Qc1 Be5 18. Bd2 {[%cal Re2f4]} f5 (18... d5 $142 19. exd5 exd5) 19. Nxf4 $17 Nxf4 20. Bxf4 fxe4 21. dxe4 O-O-O ({But not} 21... Bxe4 $6 22. Qe3 $14) 22. Bxe5 Qxe5 23. Qf4 ({White should try} 23. Be2) 23... Qxb2 24. Bd3 {[#]} Qd4 $1 25. Rab1 (25. Qf2 {keeps fighting.}) 25... Rdf8 $19 26. Qg3 (26. Qc1 $142 c4 27. Qa3 Rxf1+ 28. Bxf1) 26... c4 27. Be2 Bxe4 {And now ...Rfg8 would win.} 28. Rxf8+ Rxf8 {Black is clearly winning.} 29. c3 (29. h3 $142 Rf2 30. Rd1) 29... Qf2 30. Qxf2 Rxf2 {Accuracy: White = 21%, Black = 79%.} 0-1

[Event "CZE-tht Extraliga 2018-19"]
[Site "Czech Republic"]
[Date "2019.01.12"]
[Round "5"]
[White "Holemar, David"]
[Black "Kriebel, Tadeas"]
[Result "1/2-1/2"]
[WhiteElo "2302"]
[BlackElo "2519"]
[Annotator "ChessBase"]
[PlyCount "115"]
[EventDate "2018.11.03"]
[EventType "team-tourn"]
[EventCountry "CZE"]
[SourceTitle "playchess.com"]
[Source "ChessBase"]
[SourceQuality "1"]
[WhiteTeam "Brno"]
[BlackTeam "Novoborsky"]
[TimeControl "40/5400+30:1800+30"]

1. d4 {[%emt 0:00:00]} d5 {[%emt 0:11:18]} 2. c4 {[%emt 0:00:00]} e6 {[%emt 0:00:13]} 3. cxd5 {[%emt 0:00:00]} exd5 {[%emt 0:01:38]} 4. Nc3 {[%emt 0:00:00]} c6 {[%emt 0:00:09]} 5. Bf4 {[%emt 0:00:00]} Bd6 {[%emt 0:00:10]} 6. Bg3 {[%emt 0:00:22]} Nf6 {[%emt 0:02:32]} 7. e3 {[%emt 0:00:02]} O-O {[%emt 0:06:54]} 8. Bd3 {[%emt 0:00:07]} Re8 {[%emt 0:00:26]} 9. Nge2 {[%emt 0:00:28]} Bg4 {[%emt 0:03:38]} 10. Qc2 {[%emt 0:01:10]} Bxe2 {[%emt 0:00:55]} 11. Nxe2 {[%emt 0:06:09]} Qc7 {[%emt 0:11:10]} 12. O-O {[%emt 0:04:55]} Nbd7 {[%emt 0:02:02]} 13. Rac1 {[%emt 0:06:18]} a5 {[%emt 0:09:06]} 14. Qd2 {[%emt 0:19:18]} Nb6 {[%emt 0:07:11]} 15. f3 {[%emt 0:07:41]} Bxg3 {[%emt 0:05:24]} 16. Nxg3 {[%emt 0:00:36]} Qd6 {[%emt 0:00:18]} 17. Qf2 {[%emt 0:04:59]} Rad8 {[%emt 0:03:04]} 18. Nf5 {[%emt 0:12:26]} Qe6 {[%emt 0:01:18]} 19. Rfe1 {[%emt 0:00:11]} g6 {[%emt 0:01:41]} 20. Ng3 {[%emt 0:00:13]} Qd6 {[%emt 0:01:44]} 21. Bb1 {[%emt 0:04:12]} a4 {[%emt 0:07:49]} 22. a3 {[%emt 0:22:55]} Nc4 {[%emt 0:00:48]} 23. e4 {[%emt 0:00:53]} Qf4 {[%emt 0:00:15]} 24. e5 {[%emt 0:00:33]} Nd7 {[%emt 0:00:32]} 25. Nf1 {[%emt 0:01:31]} f5 {[%emt 0:15:45]} 26. g3 {[%emt 0:00:43]} Qh6 {[%emt 0:00:08]} 27. f4 {[%emt 0:00:07]} b5 {[%emt 0:01:01]} 28. h4 {[%emt 0:02:51]} Nf8 {[%emt 0:00:14]} 29. Nh2 {[%emt 0:00:08]} Ne6 {[%emt 0:00:23]} 30. Nf3 {[%emt 0:00:09]} Qf8 {[%emt 0:02:13]} 31. h5 {[%emt 0:00:49]} b4 {[%emt 0:01:57]} 32. Bd3 {[%emt 0:00:56]} bxa3 {[%emt 0:00:22]} 33. Bxc4 {[%emt 0:00:31]} dxc4 {[%emt 0:00:06]} 34. Rxc4 {[%emt 0:00:14]} axb2 {[%emt 0:00:37]} 35. Qxb2 {[%emt 0:00:11]} Rb8 {[%emt 0:00:58]} 36. Qa2 {[%emt 0:00:11]} Rb3 {[%emt 0:00:43]} 37. Rf1 {[%emt 0:03:11]} Ra3 {[%emt 0:03:02]} 38. Qc2 {[%emt 0:01:12]} gxh5 {[%emt 0:00:14]} 39. Rxa4 {[%emt 0:01:00]} Rxa4 {[%emt 0:00:42]} 40. Qxa4 {[%emt 0:00:04]} Rc8 {[%emt 0:00:48]} 41. Qb3 {[%emt 0:14:18]} Qf7 {[%emt 0:00:27]} 42. Rc1 {[%emt 0:00:41]} Kh8 {[%emt 0:02:10]} 43. Kh2 {[%emt 0:02:03]} Qd7 {[%emt 0:05:24]} 44. Qc4 {[%emt 0:05:14]} h4 {[%emt 0:06:25]} 45. Nxh4 {[%emt 0:05:08]} Nxd4 {[%emt 0:00:22]} 46. e6 {[%emt 0:02:16]} Nxe6 {[%emt 0:01:47]} 47. Nxf5 {[%emt 0:00:15]} Ng7 {[%emt 0:06:03]} 48. Nd4 {[%emt 0:04:37]} Re8 {[%emt 0:04:19]} 49. Nf3 {[%emt 0:00:57]} Re3 {[%emt 0:01:51]} 50. Rc3 {[%emt 0:00:42]} Rxc3 {[%emt 0:00:56]} 51. Qxc3 {[%emt 0:00:02]} Qd5 {[%emt 0:01:35]} 52. Ne5 {[%emt 0:01:12]} c5 {[%emt 0:01:09]} 53. Nd3 {[%emt 0:00:12]} Qh5+ {[%emt 0:00:31]} 54. Kg2 {[%emt 0:00:24]} Qd5+ {[%emt 0:01:10]} 55. Kh2 {[%emt 0:00:30]} Qh5+ {[%emt 0:00:07]} 56. Kg2 {[%emt 0:00:05]} Qd5+ {[%emt 0:00:03]} 57. Kg1 {[%emt 0:01:35]} Qf3 {[%emt 0:00:17]} 58. Kh2 {[%emt 0:00:28]} 1/2-1/2

[Event "CZE-tht Extraliga 2018-19"]
[Site "Czech Republic"]
[Date "2019.01.12"]
[Round "5"]
[White "Caletka, Radomir"]
[Black "Jasny, Stanislav"]
[Result "1/2-1/2"]
[WhiteElo "2285"]
[BlackElo "2371"]
[Annotator "TA"]
[PlyCount "79"]
[EventDate "2018.11.03"]
[EventType "team-tourn"]
[EventCountry "CZE"]
[SourceTitle "playchess.com"]
[Source "ChessBase"]
[SourceQuality "1"]
[WhiteTeam "Poruba"]
[BlackTeam "Beskydska"]

{[%evp 31,79,27,31,27,27,22,29,31,34,20,27,20,30,20,22,34,33,27,31,26,22,-5,-6,-6,29,0,0,3,1,3,12,0,0,0,387,387,387,387,411,378,29972,29971,29968,0,0,0,5297,0,0,0]} 1. e4 c5 2. Nf3 e6 3. d4 cxd4 4. Nxd4 Nf6 5. Nc3 Nc6 6. Nxc6 bxc6 7. e5 Nd5 8. Ne4 Qc7 9. f4 Qb6 10. c4 Bb4+ 11. Ke2 f5 12. exf6 Nxf6 {B45: Sicilian Four Knights} 13. Be3 Qd8 14. Nd6+ Bxd6 15. Qxd6 Bb7 (15... Qe7 16. Bc5 Qf7 17. Ke3 g5 18. Be2 g4 19. Rac1 h5 20. Rc3 Qg7 21. Bd3 Kf7 22. Kd2 Re8 23. Re1 Qh6 24. Kc2 a5 25. Re5 Nh7 26. Rf5+ Kg8 27. Qe5 {1-0 (27) Vidit,S (2718)-Krasenkow,M (2671) Wijk aan Zee 2018}) 16. Rd1 Rc8 {LiveBook: 6 Games} 17. Rg1 c5 18. g4 $1 {[%cal Bg2g4,Bg4g5][%mdl 32]} (18. Bxc5 $2 Ne4 $19) 18... Rc6 19. Qe5 O-O $1 {[%cal Bh8f8,Bf8f4,Bf4e4][%mdl 32]} 20. g5 ({Reject} 20. Bxc5 Rf7 $11) 20... Nh5 $146 {Threatens to win with ...Rf5.} 21. Bh3 $1 d6 22. Bxe6+ Kh8 23. Qc3 $1 ({Wrong is} 23. Qe4 $2 Rb6 $17) 23... Nxf4+ 24. Bxf4 Rxf4 25. Rdf1 Re4+ {[%mdl 64] Double Attack} 26. Kd2 Rxe6 27. Rf7 {[%csl Gf7][%cal Rc3g7]} Rg6 {White must now prevent ...Ba6.} 28. Rxb7 $40 {[%mdl 128] White attacks.} (28. Qf3 $5 {[%cal Rf7f8]} Rc8 29. Qxb7 $14) 28... Rb6 29. Rxb6 axb6 $11 {[%mdl 4096] Endgame KQR-KQR} 30. h4 d5 31. Kc1 d4 32. Qf3 h6 $2 {[%mdl 8192]} (32... Qe8 $11) 33. Qf7 $1 $18 {[%cal Rf7g6]} Kh7 34. Re1 $1 {Hoping for Qf5.} Qg8 35. Qf5 $1 {Intending h5 and mate.} Qxc4+ $2 (35... h5 $18 36. Qf3 Qxc4+ {[%mdl 64] Double Attack} 37. Kb1 Re6 38. Qf5+ Rg6) 36. Kb1 h5 {[#]} 37. Qf3 $2 (37. b3 $1 {mates} Qb5 38. Re6 Qf1+ 39. Qxf1 Rxe6 40. Qf5+ {[%mdl 64] Double Attack} Rg6 41. Kc2 Kg8 42. Qxg6 {[%mdl 64] Double Attack} d3+ 43. Kxd3) 37... Re6 $11 38. Qf5+ $2 {[%mdl 8192]} (38. Rxe6 $11 Qxe6 39. Qxh5+ Kg8 40. g6) 38... Rg6 $18 {[#] And now ...d3 would win.} 39. Qf3 $2 (39. b3 $1 $18 {[%cal Rb3c4]} Qa6 40. Re6) 39... Re6 $11 40. Qf5+ {Accuracy: White = 78%, Black = 69%.} 1/2-1/2